|
|
|
|
| LEADER |
01573nam a2200433Ia 4500 |
| 001 |
EBC459469 |
| 003 |
MiAaPQ |
| 005 |
20200520144314.0 |
| 006 |
m o d | |
| 007 |
cr cn||||||||| |
| 008 |
061106s2006 dcu sb i001 0 eng d |
| 010 |
|
|
|z 2006037028
|
| 020 |
|
|
|z 9780821367452
|
| 020 |
|
|
|z 0821367455
|
| 020 |
|
|
|a 0821367463 (electronic bk.)
|
| 035 |
|
|
|a (MiAaPQ)EBC459469
|
| 035 |
|
|
|a (Au-PeEL)EBL459469
|
| 035 |
|
|
|a (CaPaEBR)ebr10158485
|
| 035 |
|
|
|a (CaONFJC)MIL73746
|
| 035 |
|
|
|a (OCoLC)935270885
|
| 040 |
|
|
|a MiAaPQ
|c MiAaPQ
|d MiAaPQ
|
| 050 |
|
4 |
|a HC460.5
|b .E277 2006
|
| 082 |
0 |
4 |
|a 338.95
|2 22
|
| 245 |
0 |
0 |
|a East Asian visions
|h [electronic resource] :
|b perspectives on economic development /
|c Indermit Gill, Yukon Huang, and Homi Kharas editors.
|
| 260 |
|
|
|a Washington, D.C. :
|b World Bank,
|c c2006.
|
| 300 |
|
|
|a ix, 358 p.
|
| 504 |
|
|
|a Includes bibliographical references and index.
|
| 533 |
|
|
|a Electronic reproduction. Ann Arbor, MI : ProQuest, 2015. Available via World Wide Web. Access may be limited to ProQuest affiliated libraries.
|
| 650 |
|
0 |
|a Economics.
|
| 651 |
|
0 |
|a East Asia
|x Economic integration.
|
| 651 |
|
0 |
|a East Asia
|x Economic policy.
|
| 651 |
|
0 |
|a East Asia
|x Foreign economic relations.
|
| 651 |
|
0 |
|a China
|x Economic policy.
|
| 655 |
|
4 |
|a Electronic books.
|
| 700 |
1 |
|
|a Gill, Indermit Singh,
|d 1961-
|
| 700 |
1 |
|
|a Huang, Yukon.
|
| 700 |
1 |
|
|a Kharas, Homi J.,
|d 1954-
|
| 710 |
2 |
|
|a ProQuest (Firm)
|
| 856 |
4 |
0 |
|u https://ebookcentral.proquest.com/lib/matrademy/detail.action?docID=459469
|z Click to View
|